000 004860000a22001930004500
001 003484
003 MACL
005 20150826132253.0
008 150826b xxu||||| |||| 00| 0 eng d
040 _aMACL
_cMACL
041 _aEnglish
082 _a782.42/MIT
100 _aMitra, Devi
_97541
245 _aTagore Songs
_bAnalysis & Appreciation
_cDevi Mitra
260 _aKolkata
_c2003
_bNabapatra Prakashan,
350 _a300
650 _aVocal Music
_97542
942 _k782
_cBK
_2ddc
999 _c15384
_d15384